| 000 | 00774nam a2200301Ia 4500 | ||
|---|---|---|---|
| 005 | 20251020182543.0 | ||
| 008 | 200515s9999 xx 000 0 und d | ||
| 020 | _a978-9972-33-716-1 | ||
| 082 | _a744:72.01/T92 | ||
| 100 | _aTumialán Pinto, Julio | ||
| 100 | _aVásquez Bustamante, Oscar | ||
| 245 | 0 | _aLectura de Planos En Edificaciones | |
| 250 | _a1a ed. | ||
| 260 | _a[Lima] | ||
| 260 | _bTalleres Gráficos Eugenio Alberto Marcos Castello | ||
| 260 | _c2008 | ||
| 300 | _a133 p. | ||
| 300 | _bil., tbl., graf., map. | ||
| 500 | _a1 ejemplar | ||
| 650 | _aARQUITECTURA | ||
| 650 | _aDIBUJO | ||
| 650 | _aDIBUJO ARQUITECTONICO | ||
| 650 | _aEDIFICACIONES | ||
| 650 | _aLECTURA DE PLANOS | ||
| 650 | _aPLANOS | ||
| 942 | _cLIB | ||
| 999 |
_c2463 _d2463 |
||